000 00430nam a22001697a 4500
003 BD-DhUIB
005 20251108140105.0
008 251108b |||||||| |||| 00| 0 eng d
040 _aBD-DhUIB
_cBD-DhUIB
050 _a658.5
082 _222
100 _aChopra, Sunil.
_91084
245 _aSupply chain management:
_bstrategy planning and operation/
_cby Sunil, Chopra.
250 _a3rd ed.
526 _aBBA.
942 _2ddc
_cBK
999 _c662
_d662